000 01032cad a22002175a 4500
001 E150648
008 100806s2008 xxk f 000 0 eng d
035 _a(Sirsi) u150648
041 0 _aeng
110 2 _aScottish Environment Protection Agency
_93523
245 0 0 _aConstruction of river crossings
_h[electronic resource]
260 _a[S.l.]
_bSEPA
_c2008
490 0 _aEngineering in the Water Environment Good Practice Guide
520 _aSets out guidance on which will assist those intending to obtain an authorisation for works under the Water Environment (Controlled Activities) (Scotland) Regulations 2005.
590 _aKA
650 2 4 _aWATER ENVIRONMENT (CONTROLLED ACTIVITIES) (SCOTLAND) REGULATIONS 2005
651 4 _aScotland
_y1999-
690 _aENVIRONMENTAL AND LAND CONSULTANCY-WATER RESOURCE MANAGEMENT
856 4 0 _uhttps://www.sepa.org.uk/water/water_regulation/guidance/idoc.ashx?docid=813bf507-416f-4186-96d1-7ea4f963884f&version=-1
_zView the guidance free of charge at www.sepa.org.uk
942 _n0
999 _c110937
_d110937